Consideraciones cristianas para todos los días del año con los evangelios de los domingos.

Detalles Bibliográficos
Autor principal: CRASSET, Juan
Formato: Libro
Publicado: París 1840
Materias:
Colección:Banco de datos
Acervo:Biblioteca del Convento de Santa Mónica de la Ciudad de Puebla. Puebla
Descripción Física:t. III
Tema general:Homilética
Notas:Buena. D2, 1.
LEADER 00676nam a22002050004500
035 |a 50795 
036 |a 563 
100 1 |a CRASSET, Juan 
245 1 0 |a Consideraciones cristianas para todos los días del año con los evangelios de los domingos. 
260 |a París  |b Schneider y Langrand imp.  |c 1840 
300 |a t. III 
500 |a Buena. D2, 1. 
650 1 0 |a Homilética 
949 |a CRP 
959 |a Ex convento de Santa Mónica. Puebla, Puebla  |b CCC5 
960 |a Convento de Santa Mónica de la ciudad de Puebla  |b DD88 
961 |a Franciscana  |b OF 
942 |c CRP-SM 
943 |g Biblioteca del Convento de Santa Mónica de la Ciudad de Puebla. Puebla 
999 |c 961133  |d 961133